000 00334nam a22001337a 4500
008 171006b xxu||||| |||| 00| 0 eng d
020 _a9780195167078
041 _aeng
080 _29 ED
_a159.9
100 _a49
101 _aPSI
245 _aINTERPLAY THE PROCESS OF INTERPRSONAL COMMUNICATION
_cADLER.R.B
942 _2udc
_cBK
999 _c32232
_d32232